[Event "Benidorm op U2000 13th"]
[Site "Benidorm"]
[Date "2014.12.07"]
[Round "10"]
[White "Campos Gutierrez, Luis Maria"]
[Black "Moya Mallafre, Erik"]
[Result "1/2-1/2"]
[WhiteElo "1844"]
[BlackElo "1947"]
[PlyCount "39"]
[EventDate "2014.11.28"]
[EventType "swiss"]
[EventRounds "10"]
[EventCountry "ESP"]
[SourceTitle "CBM 163 Extra"]
[Source "ChessBase"]
[SourceDate "2014.12.23"]
[SourceVersion "1"]
[SourceVersionDate "2014.12.23"]
[SourceQuality "1"]

1. d4 d6 2. e4 Nf6 3. Nc3 c6 4. f4 Qa5 5. e5 Bg4 6. Nf3 dxe5 7. fxe5 Ne4 8. Bd2 Bxf3 9. gxf3 Nxd2 10. Qxd2 e6 11. Ne4 Qxd2+ 12. Nxd2 c5 13. 0-0-0 Nc6 14. Bb5 0-0-0 15. Bxc6 bxc6 16. Nb3 cxd4 17. Rxd4 Be7 18. Rg1 Rxd4 19. Nxd4 Bc5 20. c3 1/2-1/2

[Event "Provincial-ch Xixona Preferente"]
[Site "Xixona"]
[Date "2014.11.08"]
[Round "5.3"]
[White "Erades Berenguer, Ana"]
[Black "Campos Gutierrez, Luis Maria"]
[Result "0-1"]
[WhiteElo "1640"]
[BlackElo "1844"]
[PlyCount "124"]
[EventDate "2014.09.27"]
[EventType "swiss"]
[EventRounds "7"]
[EventCountry "ESP"]
[SourceTitle "EXT 2024"]
[Source "ChessBase"]
[SourceDate "2023.10.10"]
[SourceVersion "1"]
[SourceVersionDate "2023.10.10"]
[SourceQuality "1"]

1. e4 d6 2. Nf3 Nf6 3. Nc3 e5 4. h3 Be7 5. Bc4 0-0 6. 0-0 Nbd7 7. d3 c6 8. Ne2 a5 9. a4 Qc7 10. Ng3 Nc5 11. Nf5 Bxf5 12. exf5 d5 13. Ba2 e4 14. dxe4 Nfxe4 15. Nd4 Bf6 16. c3 Rfe8 17. Qg4 Nd3 18. Ne2 Qe7 19. Nf4 Ne5 20. Qh5 h6 21. Bb1 Nd6 22. Bd2 Ndc4 23. Bc1 Rad8 24. b3 Nd6 25. Nd3 Nxd3 26. Bxd3 Bxc3 27. Rb1 Qf6 28. Be3 Ne4 29. Qd1 Bb4 30. Qc2 Qc3 31. Qd1 Nd2 32. Bxd2 Qxd2 33. Qf3 f6 34. Rfd1 Qc3 35. Qg3 Re5 36. Rdc1 Qd4 37. Rd1 Rde8 38. Be2 Qc3 39. Bh5 Qxg3 40. fxg3 Re1+ 41. Rxe1 Rxe1+ 42. Rxe1 Bxe1 43. g4 Kf8 44. Kf1 Bg3 45. Ke2 Ke7 46. Ke3 Kd6 47. Kd3 Kc5 48. Bf7 Kb4 49. Kc2 Kc5 50. Kd3 b5 51. Be8 bxa4 52. bxa4 Kd6 53. Ke3 c5 54. Bb5 c4 55. Kf3 Be5 56. Ke3 Kc5 57. Kd2 d4 58. h4 Bf4+ 59. Kc2 d3+ 60. Kc3 Be5+ 61. Kd2 Kd4 62. Kc1 c3 0-1

[Event "Almansa op-B 6th"]
[Site "Almansa"]
[Date "2011.08.10"]
[Round "2.11"]
[White "Campos Gutierrez, Luis Maria"]
[Black "Montiel Miguelez, Manuel"]
[Result "0-1"]
[WhiteElo "1739"]
[BlackElo "1937"]
[PlyCount "58"]
[EventDate "2011.08.09"]
[EventType "swiss"]
[EventRounds "9"]
[EventCountry "ESP"]
[SourceTitle "EXT 2024"]
[Source "ChessBase"]
[SourceDate "2023.10.10"]
[SourceVersion "1"]
[SourceVersionDate "2023.10.10"]
[SourceQuality "1"]

1. d4 Nf6 2. Nc3 d5 3. Bg5 Bf5 4. Bxf6 exf6 5. e4 dxe4 6. Qe2 c6 7. 0-0-0 Bb4 8. g4 Be6 9. d5 cxd5 10. Qb5+ Nc6 11. Qxb7 Qc8 12. Qxc6+ Qxc6 13. Bb5 Qxb5 14. Nxb5 Ke7 15. h3 g6 16. Nd4 Rac8 17. Nge2 f5 18. gxf5 gxf5 19. Nf4 Bd6 20. Nxd5+ Bxd5 21. Nxf5+ Ke6 22. Ng7+ Ke5 23. f4+ exf3 24. Rhe1+ Be4 25. Rxe4+ Kxe4 26. Rxd6 Rhg8 27. Nh5 Rg1+ 28. Rd1 f2 29. Nf6+ Kf3 0-1